000
00293nam a2200133Ia 4500
008
100328s9999 xx 000 0 und d
082
_b
45625
100
_a
पै शिरीष
245
_a
सय
260
_b
दिलीप
630
_a
सय
730
_a
सय
942
_c
BOOK
999
_c
533728
_d
533725